|
|
|
|
| LEADER |
00000nab a2200000 a 4500 |
| 001 |
vtls000886455 |
| 003 |
SK-MaSNL |
| 005 |
20260304124114.0 |
| 008 |
250429c2002 xo 0 slo |
| 015 |
|
|
|a SNBRA2004/09-28469
|
| 035 |
|
|
|a CLN000237892
|
| 035 |
|
|
|a urn:nbn:sk:snk-abthe
|
| 035 |
|
|
|a (urnnbn)urn:nbn:sk:snk:ar-a058jc
|
| 035 |
|
|
|a (uuid)f2ddfc5a-9827-4ca0-954d-9036f4b25979
|
| 040 |
|
|
|a SNKBUCL
|b slo
|c SNKBUCL
|e AACR2
|
| 041 |
0 |
|
|a slo
|
| 044 |
|
|
|a xo
|c SK
|
| 080 |
|
|
|a 903.3/.4(437.6)"6387":902
|2 1997
|
| 080 |
|
|
|a 903.23(437.6)"6387":902
|2 1997
|
| 080 |
|
|
|a 902.2(437.6)
|2 1997
|
| 100 |
1 |
|
|a Březinová, Gertrúda,
|d 1954-
|4 aut
|9 9984
|
| 245 |
1 |
0 |
|a Výzdobné motívy na keramike z laténskeho sídliska v Nitre-Šindolke
|c Gertrúda Březinová
|
| 300 |
|
|
|b Graf, mp., obr.
|
| 504 |
|
|
|a Bibliogr. odkazy
|
| 546 |
|
|
|a Res. nem.
|
| 650 |
0 |
7 |
|a sídliská (archeológia)
|2 snkbucl
|9 67918
|
| 650 |
0 |
7 |
|a doba laténska
|2 snkbucl
|9 71483
|
| 650 |
0 |
7 |
|a keramika
|y doba laténska
|x výzdoba
|x motívy
|2 snkbucl
|9 1434471
|
| 650 |
0 |
7 |
|a archeologické výskumy
|2 snkbucl
|9 74796
|
| 651 |
|
7 |
|a Sídlisko Šindolka (Nitra, Slovensko : archeologická lokalita)
|2 snkbucl
|9 85754
|
| 773 |
0 |
|
|t Študijné zvesti Archeologického ústavu Slovenskej akadémie vied. 35
|d Nitra : Archeologický ústav Slovenskej akadémie vied, 2002
|g S. 203-212
|z 8088709563
|
| 850 |
|
|
|a Slovenská národná knižnica
|
| 852 |
|
|
|a Slovenská národná knižnica
|
| 954 |
|
|
|a odborná, vedecká literatúra pôvodná (slovenská)
|2 lita
|
| 958 |
|
|
|a article27
|
| 958 |
|
|
|a NB
|
| 958 |
|
|
|a OND
|
| 958 |
|
|
|a EUIPO
|
| 999 |
|
|
|c 2890601
|d 2892531
|